000 00286nam a2200121 a 4500
008 101213s1958|||| d
245 1 0 _aNáuka o dirigovaní
_n2
100 1 _aChvalovský, Karol
260 _bSDĽUT
_aBratislava
_c1958
020 _c10
044 _axo
_cSK
041 _aslo
999 _c15179
_d15179